| 000 | 00809nam a22002657i 4500 | ||
|---|---|---|---|
| 003 | DO-SdBNP | ||
| 005 | 20231101150959.0 | ||
| 007 | ta | ||
| 008 | 110301s2022 dr a 000 0 spa d | ||
| 020 | _a9789945933253 | ||
| 040 |
_aDO-SdBNP _bspa _cBNPHU _erda |
||
| 082 | 4 |
_aRD861 _bE77e _222 |
|
| 100 | 1 |
_aEspino Cordero, Ramiro T. _953018 |
|
| 245 | 1 | 0 |
_aElla / _cRamiro T. Espino Cordero |
| 264 |
_aSanto Domingo : _bRío de Oro, _c2022. |
||
| 300 |
_a76 páginas : _bilustraciones ; _c22 cm. |
||
| 336 |
_2rdacontent _atexto _btxt |
||
| 337 |
_2rdamedia _asin mediación _bn |
||
| 338 |
_2rdacarrier _avolumen _bnc |
||
| 590 | _aInventariado, 2022/ YL | ||
| 650 | 4 | _aPoesía dominicana | |
| 650 | 4 | _aLiteratura dominicana | |
| 910 | _aYLockward/Validado. Control de calidad MFF | ||
| 942 |
_2ddc _cLBS1 |
||
| 999 |
_c52709 _d52709 |
||